| 000 | 00781nam a22002417a 4500 | ||
|---|---|---|---|
| 005 | 20250708141705.0 | ||
| 010 | _aENG-145843-844 | ||
| 020 |
_c395.00 _a9789395368001 |
||
| 020 |
_c1195.00 _a9789395368018 |
||
| 035 | _aEN-129375 | ||
| 035 | _aEN-129376 | ||
| 037 | _bDBAD | ||
| 082 | _a305.231 | ||
| 100 |
_aNanda, G. K. _982774 |
||
| 245 |
_aDisadvantaged Children: _bFrom Darkness To Light/ _cG. K. Nanda |
||
| 250 | _a1 | ||
| 260 |
_aNew Delhi _bNeelkamal Publications Pvt. Ltd. _c2023 |
||
| 270 |
_bNew Delhi _a4764/1, 23, Ansari Road, Daryaganj, New Delhi _e110002 _k011-23244237 _k+91 9811828953 _mneelkamalbooks@gmail.com |
||
| 300 |
_a209 p. _c24.1 cm (pb) |
||
| 300 |
_a209 p. _c24.1 cm (hb) |
||
| 700 | _982748 | ||
| 942 |
_2ddc _cEN _h305.231 _mNAN |
||
| 999 |
_c212234 _d212234 |
||